• 首页
  • 本馆介绍
  • 公告通知
  • 最新文献
  • 馆藏检索
  • 电子资源
  • 读者导购
  • 参考咨询
  • 我的图书馆
  • 登录
  • 详细信息显示
  • 放入我的书架
  • 预约/预借图书
  • 作者相关作品
  • 分类相关作品
  • 丛书相关作品
  • 出版社相关作品

书目信息

  • 表格格式
  • 工作单格式
  • 卡片格式
题名:
藤蔓植物
    
 
作者: 徐晔春 , 吴棣飞 编著
分册: 3  
出版信息: 北京   中国电力出版社  2013.1
页数: 219页
开本: 24cm
丛书名: 园林植物图鉴丛书
单 册:
中图分类: S687.3-64 , S68-64
科图分类:
主题词: 园林树木--藤蔓植物--图集
电子资源:
ISBN: 978-7-5123-3148-8
000 01037oam2 2200289 45
001 1355441514
005 20130513150437.60
010    @a978-7-5123-3148-8@dCNY65.00
100    @a20130108d2013 em y0chiy50 ea
101 0  @achi
102    @aCN@b110000
105    @aa z 000yy
106    @ar
200 1  @a藤蔓植物@ATeng Man Zhi Wu@h3@f徐晔春,吴棣飞编著@FXu Ye Chun, Wu Di Fei Bian Zhu
205    @a2版
210    @a北京@c中国电力出版社@d2013.1
215    @a219页@c图@d24cm
225 2  @a园林植物图鉴丛书@v3
330    @a本书是《园林植物图鉴丛书》中的藤蔓植物。介绍了落叶灌木、常绿灌木各种树种的学名(拉丁名)、别名、科属、形态特征、产地、习性、栽培要点、适生地区和园林应用。每一词条都辅以清晰的叶、花以及植株形态以及植物应用景观的图片。。
461  0 @12001 @a园林植物图鉴丛书
606 0  @a园林树木@x藤蔓植物@j图集
690    @aS687.3-64@v5
690    @aS68-64@v4
701  0 @a徐晔春@AXu Ye Chun@4编著
701  0 @a吴棣飞@AWu Di Fei@4编著
801    @aCN@bTANGWEI@c20130111
905    @b0831430-32@dS68-64@e249:3=2@f3
    
    藤蔓植物.3/徐晔春,吴棣飞编著.-2版.-北京:中国电力出版社,2013.1
    219页:图;24cm.-(园林植物图鉴丛书;3)
    
    
    ISBN 978-7-5123-3148-8:CNY65.00
    本书是《园林植物图鉴丛书》中的藤蔓植物。介绍了落叶灌木、常绿灌木各种树种的学名(拉丁名)、别名、科属、形态特征、产地、习性、栽培要点、适生地区和园林应用。每一词条都辅以清晰的叶、花以及植株形态以及植物应用景观的图片。。
●
相关链接 在E读中查询图书 在五车中查询图书 在当当中查询图书 在豆瓣中查询图书


正题名:藤蔓植物     索取号:S68-64/249:3=2         预约/预借

序号 登录号 条形码 馆藏地/架位号 状态 备注
1 0831430   208314304   第二样本阅览室/ [索取号:S68-64/249:3=2] 在馆    
2 0831431   208314313   第三借阅区/ [索取号:S68-64/249:3=2] 在馆    
3 0831432   208314322   第三借阅区/ [索取号:S68-64/249:3=2] 在馆    
唐山师范学院图书馆 欢迎您!
大连网信软件有限公司© 版权所有